| 000 | 00426nam a2200181Ia 4500 | ||
|---|---|---|---|
| 005 | 20240823041056.0 | ||
| 008 | 240823s9999||||xx |||||||||||||| ||und|| | ||
| 020 | _a978-81-7476-260-3 | ||
| 041 | _aENGLISH | ||
| 082 | _A823.7 Q2 | ||
| 100 | _aJane Austen | ||
| 245 | 0 | _aSense and Sensibility | |
| 260 |
_c2012 _bUBS Publi |
||
| 500 | _aYES | ||
| 650 |
_asense and sensibility _bGeneral |
||
| 942 | _cBK | ||
| 999 |
_c204624 _d204624 |
||